MARC details
| 000 -CABECERA |
| campo de control de longitud fija |
01970nam a2200361 i 4500 |
| 001 - NÚMERO DE CONTROL |
| campo de control |
000016512 |
| 003 - IDENTIFICADOR DEL NÚMERO DE CONTROL |
| campo de control |
DO-SdBNP |
| 005 - FECHA Y HORA DE LA ÚLTIMA TRANSACCIÓN |
| campo de control |
20230705113923.0 |
| 007 - CAMPO FIJO DE DESCRIPCIÓN FÍSICA--INFORMACIÓN GENERAL |
| campo de control de longitud fija |
ta |
| 008 - DATOS DE LONGITUD FIJA--INFORMACIÓN GENERAL |
| campo de control de longitud fija |
100305s1983 dr abcd 001 0 spa d |
| 040 ## - FUENTE DE LA CATALOGACIÓN |
| Centro catalogador/agencia de origen |
DO-SdBNP |
| Lengua de catalogación |
spa |
| Centro/agencia transcriptor |
BNPHU |
| Normas de descripción |
rda |
| 041 ## - CÓDIGO DE LENGUA |
| Código de lengua original |
spa |
| 082 #4 - NÚMERO DE LA CLASIFICACIÓN DECIMAL DEWEY |
| Número de clasificación |
557.293 |
| Número de documento/Ítem |
V364g, 1983 |
| Número de edición |
22 |
| 100 ## - ENTRADA PRINCIPAL--NOMBRE DE PERSONA |
| Nombre de persona |
Vaughan, Thomas Wayland, |
| Fechas asociadas al nombre |
1870-1952 |
| 9 (RLIN) |
36748 |
| Término indicativo de función/relación |
autor |
| 245 10 - MENCIÓN DE TÍTULO |
| Título |
Un reconocimiento geológico de la República Dominicana / |
| Mención de responsabilidad, etc. |
T. W. Vaughan. |
| 264 ## - PRODUCCIÓN, PUBLICACIÓN, DISTRIBUCIÓN, FABRICACIÓN Y COPYRIGHT |
| Producción, publicación, distribución, fabricación y copyright |
Santo Domingo : |
| Nombre del de productor, editor, distribuidor, fabricante |
Sociedad Dominicana de Bibliófilos : |
| -- |
Editora Santo Domingo, |
| Fecha de producción, publicación, distribución, fabricación o copyright |
1983. |
| 300 ## - DESCRIPCIÓN FÍSICA |
| Extensión |
306 páginas : |
| Otras características físicas |
ilustraciones, gráficos., mapas, retratos. ; |
| Dimensiones |
24 cm. |
| 336 ## - TIPO DE CONTENIDO |
| Fuente |
rdacontent |
| Término de tipo de contenido |
texto |
| Código de tipo de contenido |
txt |
| 337 ## - TIPO DE MEDIO |
| Fuente |
rdamedia |
| Nombre/término del tipo de medio |
sin mediación |
| Código del tipo de medio |
n |
| 338 ## - TIPO DE SOPORTE |
| Fuente |
rdacarrier |
| Nombre/término del tipo de soporte |
volumen |
| Código del tipo de soporte |
nc |
| 490 0# - MENCIÓN DE SERIE |
| Mención de serie |
Cultura dominicana |
| Designación de volumen o secuencia |
48 |
| 500 ## - NOTA GENERAL |
| Nota general |
Incluye referencias bibliográficas y notas al pie de las páginas. |
| 504 ## - NOTA DE BIBLIOGRAFÍA, ETC. |
| Nota de bibliografía, etc. |
Bibliografía páginas 19-26 |
| 505 0# - NOTA DE CONTENIDO CON FORMATO |
| Nota de contenido con formato |
Introducción / |
| Mención de responsabilidad |
Thomas Wayland Vaughan -- |
| Información miscelánea |
Bibliografía / |
| Mención de responsabilidad |
Wendell Phillips Woodrings -- |
| Título |
Geografía / |
| Mención de responsabilidad |
Wythe Cooke -- |
| Título |
Geología estratigráfica y de estructura e historia geológica / |
| Mención de responsabilidad |
Wythe Cooke -- |
| Título |
Paleontología estratigráfica terciaria y cuaternaria / |
| Mención de responsabilidad |
Thomas Wayland Vaughan y Wendell Phillips Woodrings -- |
| Título |
Geología e hidrografía de las inmediaciones de Montecristi -- |
| Mención de responsabilidad |
Clyde P. Ross -- |
| Título |
Geología de las provincias de Barahona y Azua / |
| Mención de responsabilidad |
D. Dale Condit y Clyde P. Ross -- |
| Título |
Geología económica / |
| Mención de responsabilidad |
D. Dale Condit y Clyde P. Ross . |
| 533 ## - NOTA DE REPRODUCCIÓN |
| Tipo de reproducción |
Facsímil : |
| Lugar de la reproducción |
Washington : |
| Institución responsable de la reproducción |
United States Geological Survey : |
| -- |
Secretaría de Estado de Fomento y Comunicaciones de la República Dominicana, |
| Fecha de la reproducción |
1922. |
| 590 ## - NOTA LOCAL (RLIN) |
| Nota local |
Inventariado, 2019/VM |
| 650 #4 - PUNTO DE ACCESO ADICIONAL DE MATERIA--TÉRMINO DE MATERIA |
| Término de materia o nombre geográfico como elemento de entrada |
Geología |
| Subdivisión geográfica |
República Dominicana |
| 9 (RLIN) |
1742 |
| 650 #4 - PUNTO DE ACCESO ADICIONAL DE MATERIA--TÉRMINO DE MATERIA |
| Término de materia o nombre geográfico como elemento de entrada |
Paleontología |
| 9 (RLIN) |
1743 |
| 650 #4 - PUNTO DE ACCESO ADICIONAL DE MATERIA--TÉRMINO DE MATERIA |
| Término de materia o nombre geográfico como elemento de entrada |
Minas |
| Subdivisión geográfica |
República Dominicana |
| 9 (RLIN) |
744 |
| 650 #4 - PUNTO DE ACCESO ADICIONAL DE MATERIA--TÉRMINO DE MATERIA |
| Término de materia o nombre geográfico como elemento de entrada |
Topografía |
| Subdivisión geográfica |
República Dominicana |
| 9 (RLIN) |
1741 |
| 910 ## - DATOS DE OPCIÓN DEL USUARIO (OCLC) |
| Datos de opción del usuario |
Validado. Control de calidad EMS |
| 942 ## - ELEMENTOS DE PUNTO DE ACCESO ADICIONAL (KOHA) |
| Fuente del sistema de clasificación o colocación |
Dewey Decimal Classification |
| Tipo de ítem Koha |
Libro |